Sports Quiz

Random Sports or NFL Quiz

NFL Players with 500+ Receptions for One Team Quiz Stats

 Plays Quiz Updated Jan 4, 2018

Challenge
Share
Tweet
Embed
Score 0/79 Timer 08:00
0 Plays Today
Receptions Player % Correct
1,281Jerry Rice
97.3%
1,012Andre Johnson
92.1%
731Calvin Johnson
92.1%
751Chad Johnson
91.7%
1,234*Larry Fitzgerald
90.4%
1,102Marvin Harrison
90.3%
836Steve Smith
86.7%
733*Antonio Brown
86.4%
1,070Tim Brown
86.3%
849Rod Smith
86.1%
862Jimmy Smith
86.1%
557Troy Brown
85.8%
587Randy Moss
82.7%
1,070Reggie Wayne
82.5%
581Santana Moss
81.6%
585*Julio Jones
78.9%
750Michael Irvin
78.2%
1,152*Jason Witten
76.1%
1,004Cris Carter
75.5%
869Torry Holt
74.9%
1,000Hines Ward
74.6%
531*Dez Bryant
73.3%
927*Antonio Gates
73.1%
942Isaac Bruce
73.1%
808Roddy White
72.3%
916Tony Gonzalez
72%
556*A.J. Green
62.3%
550*Jordy Nelson
61.4%
941Andre Reed
61%
629*Demaryius Thomas
59.9%
592Terrell Owens
59%
672Wes Welker
58.2%
819Steve Largent
57.3%
711Marques Colston
54.7%
675Shannon Sharpe
52.3%
595Sterling Sharpe
52.2%
743Donald Driver
51.4%
888Art Monk
49%
586*Anquan Boldin
47.4%
506Dwight Clark
39.7%
Receptions Player % Correct
549Gary Clark
39.7%
522Roy Green
38.4%
696Muhsin Muhammad
36.4%
670Herman Moore
36.3%
510Nat Moore
36.1%
668Amani Toomer
34.2%
532Dwayne Bowe
32.4%
550Mark Clayton
32.2%
541Kellen Winslow
32.2%
592Heath Miller
31.5%
649Charley Taylor
31.1%
523Joe Horn
31.1%
543Lionel Taylor
31.1%
511Mark Duper
31%
537John Stallworth
29.9%
675Eric Moulds
24.7%
580Wayne Chrebet
21%
530LaDainian Tomlinson
20.9%
530James Lofton
20.4%
501Cliff Branch
20.1%
589Fred Biletnikoff
17.3%
662Ozzie Newsome
16.9%
627Don Maynard
16.5%
508Roger Craig
15.3%
589Harold Carmichael
15.2%
586Tiki Barber
14.7%
517Al Toon
14.6%
593Henry Ellard
14.4%
586Charlie Joiner
14.1%
631Raymond Berry
12.9%
532Eric Martin
11.5%
534Stanley Morgan
9.8%
507T.J. Houshmandzadeh
9.2%
573Terance Mathis
8%
535Larry Centers
7.8%
542Ernest Givins
6.7%
530Carl Pickens
6.3%
515Haywood Jeffires
5.1%
581Brian Blades
3.2%

You're not logged in!

Compare scores with friends on all Sporcle quizzes.
Join for Free
OR
Log In

You Might Also Like...

Show Comments

Extras

Top Quizzes Today


Score Distribution

Your Account Isn't Verified!

In order to create a playlist on Sporcle, you need to verify the email address you used during registration. Go to your Sporcle Settings to finish the process.

Report this User

Report this user for behavior that violates our Community Guidelines.

Details: